00459pab a2200157 454500008004000000100001700040245005100057260000900108300001400117362001000131650003800141650004300179650002100222700002400243773003400267180718b2009 xxu||||| |||| 00| 0 eng d aAlam, ghayur aCultivation of medicinal plants in Uttarakhand c2009 ap.99-104. a7 Mar aCultivation - India - Uttarakhand aMedicinal plants - India - Uttarakhand aMedicinal plants aPeppelenbos, Lucian aEconomic and Political Weekly